Automotive handbook (Record no. 61119)
[ view plain ]
| 000 -LEADER | |
|---|---|
| fixed length control field | 00678nam a22001937a 4500 |
| 003 - CONTROL NUMBER IDENTIFIER | |
| control field | NUST-PNEC |
| 005 - DATE AND TIME OF LATEST TRANSACTION | |
| control field | 20170116180715.0 |
| 008 - FIXED-LENGTH DATA ELEMENTS--GENERAL INFORMATION | |
| fixed length control field | 141016b xxu||||| |||| 00| 0 eng d |
| 020 ## - INTERNATIONAL STANDARD BOOK NUMBER | |
| International Standard Book Number | 1560919183 |
| 040 ## - CATALOGING SOURCE | |
| Transcribing agency | PNEC |
| 082 ## - DEWEY DECIMAL CLASSIFICATION NUMBER | |
| Classification number | 629.22 BOS |
| 100 ## - MAIN ENTRY--PERSONAL NAME | |
| 9 (RLIN) | 667 |
| Personal name | Bosch Robert |
| 245 ## - TITLE STATEMENT | |
| Title | Automotive handbook |
| Statement of responsibility, etc. | Robert Bosch |
| 260 ## - PUBLICATION, DISTRIBUTION, ETC. | |
| Place of publication, distribution, etc. | Stuttgart : Robert Bosch ; Warrendale, PA. : |
| Name of publisher, distributor, etc. | Distribution, Society of Automotive Engineers, |
| Date of publication, distribution, etc. | c.1996. |
| 300 ## - PHYSICAL DESCRIPTION | |
| Extent | 892 p. : |
| Other physical details | ill. ; |
| Dimensions | 18 cm. |
| 500 ## - GENERAL NOTE | |
| General note | http://www.amazon.com/Bosch-4-Automotive-Handbook-Robert/dp/1560919183/ref=sr_1_1?s=books&ie=UTF8&qid=1413456498&sr=1-1&keywords=1560919183 |
| 650 ## - SUBJECT ADDED ENTRY--TOPICAL TERM | |
| General subdivision | ME |
| 942 ## - ADDED ENTRY ELEMENTS (KOHA) | |
| Source of classification or shelving scheme | |
| Koha item type | Book |
| Withdrawn status | Lost status | Source of classification or shelving scheme | Damaged status | Not for loan | Permanent Location | Current Location | Shelving location | Date acquired | Source of acquisition | Cost, normal purchase price | Total Checkouts | Full call number | Barcode | Date last seen | Cost, replacement price | Price effective from | Koha item type |
|---|---|---|---|---|---|---|---|---|---|---|---|---|---|---|---|---|---|
| Pakistan Navy Engineering College (PNEC) | Pakistan Navy Engineering College (PNEC) | Reference | 12/03/1997 | NUST | 875.00 | 629.22 BOS | PNECLIB-019539 | 10/16/2014 | 875.00 | 12/03/1997 | Book | ||||||
| Pakistan Navy Engineering College (PNEC) | Pakistan Navy Engineering College (PNEC) | Reference | 12/03/1997 | NUST | 875.00 | 629.22 BOS | PNECLIB-019540 | 10/16/2014 | 875.00 | 12/03/1997 | Book | ||||||
| Pakistan Navy Engineering College (PNEC) | Pakistan Navy Engineering College (PNEC) | 629.22 BOS | PNECLIB-019543 | 10/06/2015 | Book | ||||||||||||
| Pakistan Navy Engineering College (PNEC) | Pakistan Navy Engineering College (PNEC) | 629.22 BOS | PNECLIB-019544 | 10/06/2015 | Book |
